Familia y diferenciación social (Registro nro. 3057)
[ vista simple ]
| 000 -CABECERA | |
|---|---|
| campo de control de longitud fija | 00442nam a2200169 4500 |
| 020 ## - NUMERO INTERNACIONAL NORMALIZADO PARA LIBROS (ISBN) | |
| International Standard Book Number | 950-23-0742-9 |
| 080 ## - NUMERO DE CLASIFICACION DECIMAL UNIVERSAL (CDU) | |
| Número de la Clasificación Decimal Universal | 314.6:316.34 |
| 100 ## - ASIENTO PRINCIPAL--NOMBRE PERSONAL | |
| Nombre personal | Torrado, Susana |
| Enlace autoridades | 2733 |
| 245 ## - MENCION DE TITULO | |
| Título propiamente dicho | Familia y diferenciación social |
| Parte restante del título | cuestiones de método |
| 260 ## - PUBLICACION, DISTRIBUCION, ETC. (PIE DE IMPRENTA) | |
| Lugar de publicación, distribución, etc. | Buenos aires |
| Nombre del editor, distribuidor, etc. | Eudeba |
| Fecha de publicación, distribución, etc. | 2006 |
| 300 ## - DESCRIPCION FISICA | |
| Extensión | 264p. |
| 650 ## - ASIENTO SECUNDARIO DE MATERIA - TERMINO TEMATICO | |
| Fuente del encabezamiento o término | LEMB |
| Término temático o nombre geográfico como elemento de entrada | Familia |
| Enlace autoridades | 16 |
| 650 ## - ASIENTO SECUNDARIO DE MATERIA - TERMINO TEMATICO | |
| Término temático o nombre geográfico como elemento de entrada | Sociología |
| Enlace autoridades | 198 |
| 650 ## - ASIENTO SECUNDARIO DE MATERIA - TERMINO TEMATICO | |
| Término temático o nombre geográfico como elemento de entrada | Jerarquía social |
| Enlace autoridades | 2734 |
| 651 ## - ASIENTO SECUNDARIO DE MATERIA - NOMBRE GEOGRAFICO | |
| Fuente del encabezamiento o término | LEMB |
| Enlace autoridades | 1736 |
| Retirado | Perdido | Dañado | No se presta | Ubicación permanente | Locación actual | Estante o sala | Fecha de adquisición | Fuente de adquisición | Signatura topográfica | Inventario | Ultima fecha vista |
|---|---|---|---|---|---|---|---|---|---|---|---|
| Disponible para préstamo | Biblioteca Cs. de la Salud y Trabajo Social | Biblioteca Cs. de la Salud y Trabajo Social | Anexo Salta | 29/08/2025 | 4501532072443 | 314.6:316.34 T688 | 2374 | 29/08/2025 |